000 00799nam a22002057a 4500
999 _c16183
_d16183
003 AR-CdUCM
008 190502b ||||| |||| 00| 0 spa d
040 _aMUNICIPALIDAD PROVINCIAL DEL CUSCO
_cBIBLIOTECA MUNICIPAL DEL CUSCO
041 _heng.
082 _a519.9 /
_bB81
100 _aBradley, Jack I.
_935472
245 _aConceptos básicos de estadística /
260 _aMéxico :
_bEl manual moderno,
_c1972.
300 _a168 paginas ;
_c19 cm.
505 _aContenido :Repaso de aritmética y álgebra --Distribuciones de frecuencia y gráficas --Medidas de tendencia Central --Medidas de variabilidad --La curva de distribución normal --Correlación ...
650 _aEstadística
_95668
700 _aMcClelland, James
_935473
942 _2ddc
_cLIBROS
945 _arjall
_d2019-05-02